Groups of Things - Disney Jr. shows - Statistics

General Stats
  • This quiz has been taken 174 times
  • The average score is 11 of 27
Answer Stats
Hint Answer % Correct
Minnie
87%
Goofy
86%
Donald
84%
Pluto
84%
Mickey Mouse Clubhouse Mickey
83%
Daisy
79%
Stuffy
64%
Lambie
61%
Hallie
55%
Doc McStuffins toys Chilly
49%
Handy Manny tools Dusty
27%
Rusty
27%
Turner
27%
Pat
26%
Squeeze
26%
Octonauts Barnacles
25%
Stretch
25%
Flicker
24%
Kwazii
23%
Peso
23%
Shellington
22%
Tunip
22%
Dashi
21%
Inkling
21%
Tweak
21%
Felipe
20%
Squeakers
13%
No matching quizzes found
Score Distribution
Percent of People with Each Score
Percentile by Number Answered
Your Score History
You have not taken this quiz